| 000 | 01681nam a2200421 i 4500 | ||
|---|---|---|---|
| 001 | DIGUEXTER0879 | ||
| 003 | NyNyDIG | ||
| 007 | cr ||||||||||| | ||
| 008 | 230515s2022 ck ob 000 0 spa d | ||
| 006 | m o d | ||
| 035 | _a(OCoLC)1379476672 | ||
| 040 |
_aDGITA _beng _erda _epn _cDGITA |
||
| 020 | _z9789587909340 | ||
| 043 | _as-ck--- | ||
| 050 | 1 | 4 | _aKHH3750 ebook |
| 100 | 1 |
_aAraujo Vallejo, Diana Marcela, _eauthor. |
|
| 245 | 1 | 3 |
_aLa ilusión de los precios predatorios : _bun estudio de sus fundamentos teóricos y su evidencia / _cDiana Marcela Araujo Vallejo. |
| 264 | 1 |
_aBogotá : _bUniversidad Externado de Colombia, _c[2022] |
|
| 300 | _a1 online resource. | ||
| 336 |
_atext _btxt _2rdacontent |
||
| 337 |
_acomputer _bc _2rdamedia |
||
| 338 |
_aonline resource _bcr _2rdacarrier |
||
| 347 |
_atext file _2rdaft |
||
| 347 | _bPDF | ||
| 490 | 1 |
_aTesis de grado ; _v118 |
|
| 504 | _aIncludes bibliographical references. | ||
| 588 | 0 | _aOnline resource; title from PDF title page (Digitalia, viewed May 15, 2023) | |
| 650 | 0 |
_aPredatory pricing _zColombia. |
|
| 650 | 0 |
_aCompetition, Unfair _zColombia. |
|
| 650 | 0 |
_aPrice regulation _zColombia. |
|
| 791 | 2 |
_aDigitalia (Firm), _edistributor. |
|
| 793 | 0 |
_gDigitalia eBook Collection: _aUniversidad Externado de Colombia |
|
| 776 | 0 | 8 |
_iPrint version: _aAraujo Vallejo, Diana Marcela. _tIlusión de los precios predatorios. _bPrimera edición. _dBogotá : Universidad Externado de Colombia, [2022] _z9789587909340 |
| 830 | 0 |
_aTesis de grado ; _vno. 118. |
|
| 856 | 4 | 0 |
_3Digitalia Hispánica _uhttps://www.digitaliapublishing.com/a/125427/ |
| 910 | _aPremium collection: 2023 | ||
| 942 | _cRAA | ||
| 999 |
_c277363 _d277363 |
||